Finančné stimuly ako nástroj podpory podnikania diplomová práca

Saved in:
Bibliographic Details
Main Author: Sýkorová, Zuzana
Corporate Author: Národohospodárska fakulta EU. Katedra financií
Other Authors: Čiernik, Anton
Format: Book
Language:Slovak
Published: Bratislava 2009
Tags: Add Tag
No Tags, Be the first to tag this record!

MARC

LEADER 00000nam$a2200000$$$4500
001 0096849
005 20240318141333.9
041 0 |a slo 
044 |a SK 
245 1 0 |a Finančné stimuly ako nástroj podpory podnikania  |b diplomová práca  |c Zuzana Sýkorová ; škol. Anton Čiernik 
264 1 |a Bratislava  |c 2009 
300 |a 90 s. 
100 1 |a Sýkorová, Zuzana 
700 1 |a Čiernik, Anton 
710 2 |a Národohospodárska fakulta EU. Katedra financií